College Biology : (Record no. 6663)
[ view plain ]
| 000 -LEADER | |
|---|---|
| fixed length control field | 00579nam a2200217 a 4500 |
| 001 - CONTROL NUMBER | |
| JCCL Control Number | 6663 |
| 003 - CONTROL NUMBER IDENTIFIER | |
| JCCL marc code | BD-JhCC |
| 005 - DATE AND TIME OF LATEST TRANSACTION | |
| control field | 20180322181531.0 |
| 008 - FIXED-LENGTH DATA ELEMENTS--GENERAL INFORMATION | |
| fixed length control field | 180127s1976 b a|||| || | 000 0 eng d |
| 035 ## - SYSTEM CONTROL NUMBER | |
| system control number | (BD-JhCC)6663 |
| 040 ## - CATALOGING SOURCE | |
| Original cataloging agency | BD-JhCC |
| Modifying agency | BD-JhCC |
| 041 ## - LANGUAGE CODE | |
| Language code of Book | eng |
| 082 ## - DEWEY DECIMAL CLASSIFICATION NUMBER | |
| Classification number | 570 |
| Author mark and Year | FAT 1976 |
| 100 ## - MAIN ENTRY--PERSONAL NAME | |
| Personal name | Fattah, Quazi Abdul |
| 245 ## - TITLE STATEMENT | |
| Title | College Biology : |
| Remainder of title | a text book for the H. S. C. students / |
| Statement of responsibility, etc | DR. Quazi Abdul Fattah, |
| 260 ## - PUBLICATION, DISTRIBUTION, ETC. (IMPRINT) | |
| Place of publication, distribution, etc | Dacca : |
| Name of publisher, distributor, etc | Jahangir sons |
| Date of publication, distribution, etc | 1976. |
| 300 ## - PHYSICAL DESCRIPTION | |
| Pagination | 456 p. : |
| Other physical details | ill. ; |
| Dimensions | 22 cm. |
| 650 ## - SUBJECT ADDED ENTRY--TOPICAL TERM | |
| Topical term or geographic name as entry element | Biology |
| 942 ## - ADDED ENTRY ELEMENTS (KOHA) | |
| Source of classification or shelving scheme | Dewey Decimal Classification |
| Koha item type | Books |
| Source of classification or shelving scheme | Damaged status | Not for loan | Home library | Current library | Shelving location | Cost, normal purchase price | Total Checkouts | Full call number | Barcode | Date last seen | Copy number | Koha item type | Date of accession |
|---|---|---|---|---|---|---|---|---|---|---|---|---|---|
| Dewey Decimal Classification | JCC Rouf Library | JCC Rouf Library | General Stacks | 30.00 | 570 FAT 1976 | 9025 | 01/27/2018 | C - 1 | Books | ||||
| Dewey Decimal Classification | JCC Rouf Library | JCC Rouf Library | General Stacks | 25.00 | 570 FAT 1976 | 8931 | 01/29/2018 | C-2 | Books | 01/29/2018 | |||
| Dewey Decimal Classification | JCC Rouf Library | JCC Rouf Library | General Stacks | 30.00 | 570 FAT 1976 | 8649 | 02/03/2018 | C-1 | Books | 02/03/2018 | |||
| Dewey Decimal Classification | JCC Rouf Library | JCC Rouf Library | General Stacks | 25.00 | 570 FAT 1976 | 9191 | 03/01/2018 | C-4 | Books | ||||
| Dewey Decimal Classification | JCC Rouf Library | JCC Rouf Library | General Stacks | 30.00 | 570 FAT 1976 | 8596 | 03/22/2018 | C-5 | Books | 03/22/2018 |